000 00302nam a2200133Ia 4500
008 240624s9999 xx 000 0 und d
041 _aeng
082 _a823 ATW
100 _aATWOOD MARGARET
245 _aMADDADDAM
260 _c2013
_aNew Delhi
_bBloomsbury
300 _a416 : p.
365 _cRS
_b30
999 _c28451
_d28451